01418 2200553 4500001002100000005001500021035002000036245006500056100001100121250000600132300003500138700001800173260004500191082001000236084001600246020002200262650002900284008004100313990001700354990001700371990001700388990001700405990001700422990001700439990001700456990001700473990001700490990001700507990001700524990001700541990001700558990001700575990001700592990001700609990001700626990001700643990001700660990001700677990001700694990001700711990001700728990001700745990001700762990001700779990001700796990001700813990001700830990001700847INLIS00000000000060520190117033944 a0010-01190000611 aMengkudu yang Multiguna /cKanadi; Penyunting, Ayatullah K.S0 aKanadi a- aiv, 52 hlm. :bilus. ;c21 cm.0 aAyatullah K.S aBandung :bJasa Grafika Indonesia,c2009 a635.7 a635.7 KAN m a978-979-003-029-9 aPertanian Tanaman Herbal190117 0  a02220/P/2018 a02221/P/2018 a02222/P/2018 a02223/P/2018 a02224/P/2018 a02224/P/2018 a02220/P/2018 a02221/P/2018 a02222/P/2018 a02223/P/2018 a02223/P/2018 a02220/P/2018 a02221/P/2018 a02222/P/2018 a02224/P/2018 a02222/P/2018 a02220/P/2018 a02221/P/2018 a02223/P/2018 a02224/P/2018 a02221/P/2018 a02220/P/2018 a02222/P/2018 a02223/P/2018 a02224/P/2018 a02220/P/2018 a02221/P/2018 a02222/P/2018 a02223/P/2018 a02224/P/2018